02123nam a2200517 i 450000100060000000300080000600500170001400600190003100700150005000800410006502000180010602000270012403500230015103500240017403500250019803500210022304000310024405000250027508000260030008200190032624502390034526400580058430000580064233600310070033700330073133800430076450000230080758801240083059001590095465000340111365000190114765000120116665000160117865100480119465100470124265100140128965100140130365500270131770000470134470000330139170000390142470000440146379700190150785600620152699900170158839060FlNmELB20241216221630.0m o d | cr cnu||||||||160610s2014 mx a o 001 0 spa d z9786071617798 a9786071619624 (e book) a(MiAaPQ)EBC4507751 a(Au-PeEL)EBL4507751 a(CaPaEBR)ebr11205220 a(OCoLC)984805387 aFINmELBbspaerdacFINmELB 4aF1392.A1bS4873 2014 a929-054.73(=1.460:72)0 a325.21094522300a1945 entre la euforia y la esperanza :bel México posrevolucionario y el exilio republicano español /cMari Carmen Serra Puche, José Francisco Mejía Flores, Carlos Sola Ayape (editores) ; prólogo por José Antonio Matesanz. 1aMéxico, D.F :bFondo de Cultura Económica,c2014. a1 recurso en línea (326 páginas) :bilustraciones atextobtxt2rdacontent/spa acomputadorabc2rdamedia/spa arecurso en líneabcr2rdacarrier/spa aContiene índice. aDescripción basada en recurso en línea; Título de la página del título en PDF (e-libro, visto June 10, 2016). aRecurso electronico. Santa Fe, Arg. : e-libro, 2016. Disponible via World Wide Web. El acceso puede ser limitado para las bibliotecas afiliadas a e-libro. 0aExileszMexicoy20th century. 0aExileszSpain. 4aExilio. 4aPolítica. 0aMexicoxPolitics and governmenty1910-1946. 0aSpainxPolitics and governmenty1939-1945. 4aEspaña. 4aMéxico. 4aLibros electrónicos.1 aMejía Flores, José Francisco,eeditor.1 aSola Ayape, Carlos,eeditor.1 aSerra Puche, Mari Carmen,eeditor.1 aMatesanz, José Antonio,eprologuista.2 ae-libro, Corp.40uhttps://elibro.net/ereader/politecnicointernacional/37726 c39060d39060